000 00752cam a2200241Ia 4500
008
049 _aMAIN
090 _aRG940
_bHOW
245 0 0 _aHow to make maternal health services more women friendly :
_b a practical guide /
_cInstitute of Child Health.
260 _aLondon :
_bInstitute of Child health,
_c2001.
300 _a 112 p. :
_bill. ;
_c22 cm.
650 0 _aMaternal health services.
650 0 _aMothers
_xHealth and hygiene.
650 0 _aWell-being.
650 0 _aMother and child.
650 0 _aMotherhood.
710 2 _aInstitute of child health.
907 _a.b10368000
_b29-01-16
_c29-01-16
003
005 20230123122203.0
040 _cNUST
942 _cBOOKS
_kRG940
_mHOW
999 _c129323
_d129323